| Tag |
First Indicator |
Second Indicator |
Subfields |
| LEADER |
00000pam a2200000 a 4500 |
| 001 |
in00000096646 |
| 005 |
20150924084755.0 |
| 008 |
820106s1982 nyua b 00110beng |
| 010 |
|
|
|a 81023110
|
| 020 |
|
|
|a 0531098656
|
| 035 |
|
|
|a (OCoLC)08113315
|
| 035 |
|
|
|9 AAK8779AM
|
| 039 |
0 |
|
|a 2
|b 3
|c 3
|d 3
|e 3
|
| 040 |
|
|
|a DLC
|c DLC
|d TXA
|d UtOrBLW
|
| 043 |
|
|
|a e-it---
|
| 049 |
|
|
|a TXAM
|c [952287]
|
| 050 |
0 |
0 |
|a DG575 M8
|b J58 1982
|
| 082 |
0 |
|
|a 945.091/092/4
|a B
|2 19
|
| 100 |
1 |
|
|a Joes, Anthony James.
|
| 245 |
1 |
0 |
|a Mussolini /
|c by Anthony James Joes.
|
| 264 |
|
1 |
|a New York :
|b F. Watts,
|c 1982.
|
| 300 |
|
|
|a 405 pages :
|b illustrations ;
|c 24 cm.
|
| 336 |
|
|
|a text
|b txt
|2 rdacontent
|
| 337 |
|
|
|a unmediated
|b n
|2 rdamedia
|
| 338 |
|
|
|a volume
|b nc
|2 rdacarrier
|
| 500 |
|
|
|a Includes index.
|
| 504 |
|
|
|a Bibliography: pages [397]-399.
|
| 600 |
1 |
0 |
|a Mussolini, Benito,
|d 1883-1945.
|
| 650 |
|
0 |
|a Fascism
|z Italy
|x History.
|
| 650 |
|
0 |
|a Heads of state
|z Italy
|v Biography.
|
| 651 |
|
0 |
|a Italy
|x Politics and government
|y 1870-1914.
|
| 651 |
|
0 |
|a Italy
|x Politics and government
|y 1914-1945.
|
| 999 |
|
|
|a MARS
|
| 999 |
f |
f |
|s 2028f253-5d53-31e1-ad09-576a3c12cdfd
|i df5cf044-8185-39e8-a4f5-6fc850140cdb
|t 0
|
| 952 |
f |
f |
|p ric
|a Texas A&M University
|b Rellis Campus
|c Joint Library Facility
|d Remote Storage
|t 0
|e DG575 M8 J58 1982
|h Library of Congress classification
|i unmediated -- volume
|m A14806014313
|
| 998 |
f |
f |
|a DG575 M8 J58 1982
|t 0
|l Remote Storage
|